WWE General Quiz - Statistics

General Stats
  • This quiz has been taken 1,520 times
  • The average score is 8 of 15
Answer Stats
Hint Answer % Correct
What is Kofi Kingston's finisher? Trouble in Paradise
92%
Who ended The Undertaker's WrestleMania Streak? Brock Lesnar
81%
Who was the 'playa' General Manager of Smackdown? Teddy Long
70%
Who beat John Cena to win his first WWE Championship at ECW One Night Stand? Rob van Dam
67%
What was Chris Master's submission finisher? Master Lock
66%
Who is a 5 time, 5 time WCW Champion? Booker T
64%
Who set Good Ol' JR, Jim Ross, on fire? Kane
62%
What was the name of the male-cheerleading group? Spirit Squad
60%
Who helped Chris Jericho win the World Heavyweight Championship inside the Elimination Chamber by kicking the Undertaker? Shawn Michaels
59%
Who shaved Kurt Angle's hair? Edge
53%
Who is the British WWE Superstar who joined Mr McMahon's Kiss My Ass Club? William Regal
48%
Who's neck did Brock Lesnar break? Hardcore Holly
28%
It wasn't his fault Gene Snitsky
19%
What Diva won the WWF Hardcore Title at a Wrestlemania PPV? Mighty Molly
10%
What Tag Team where part of JBL's Cabinet? The Basham Brothers
10%
No matching quizzes found
Score Distribution
Percent of People with Each Score
Percentile by Number Answered
Your Score History
You have not taken this quiz